Vista normal
Vista MARC
Entrada Personal Name
Número de registros utilizados en: 1
001 - CONTROL NUMBER
- control field: 42386
003 - CONTROL NUMBER IDENTIFIER
- control field: OSt
005 - DATE AND TIME OF LATEST TRANSACTION
- control field: 20220914082012.0
008 - FIXED-LENGTH DATA ELEMENTS
- fixed length control field: 220914|| aca||aabn | a|a d
040 ## - CATALOGING SOURCE
- Original cataloging agency: OSt
- Transcribing agency: OSt
100 ## - HEADING--PERSONAL NAME
- Personal name: Leininger-Molinier, Gill Éric
670 ## - SOURCE DATA FOUND
- Source citation: Work cat.: (OSt)29753: Leininger-Molinier, Gill Éric, autor, La salud mediante el buen humor : , 2007